000 00262nam a2200109Ia 4500
008 220204s9999 xx 000 0 und d
082 _bGEN
245 0 _aGeneral provident fund rules
260 _aNew Delhi
_bSwamy
_c1963
650 _aProvident fund
942 _cBK
999 _c19273
_d19273